| 000 | 00651nam a2200181 i 4500 | ||
|---|---|---|---|
| 001 | 101868 | ||
| 003 | ES-MaACL | ||
| 005 | 20230906183010.0 | ||
| 007 | t| | ||
| 008 | 051026s1963 sp ||||1| spa d | ||
| 100 | 1 |
_aMelón Fernández, Santiago. _980021 |
|
| 245 | 1 | 0 |
_aUn capítulo en la historia de la Universidad de Oviedo (1883-1910) / _cSantiago Melón Fernández. |
| 260 |
_aOviedo : _b[s.n.], _c1963 ( _f"La Cruz") |
||
| 300 |
_a103 p., 5 lám. ; _c18 cm. |
||
| 500 | _aPrecede al tít.: Diputación de Oviedo. Instituto de Estudios Asturianos. | ||
| 710 | 2 |
_aInstituto de Estudios Asturianos. _94889 |
|
| 852 |
_aES-MaACL _jC-23429 _bR.51834 |
||
| 999 |
_c101868 _d101868 |
||